01167nam a22002892 450000100060000000300080000600500170001400800410003103500190007204000370009104100080012808200200013609000220015610000450017824501960022326000380041930000290045750001110048650400320059750400200062965000260064965000220067565000330069794200120073099900170074295201180075934981BD-RjUL20211209052236.0140520s1957 nyua b 001 0 eng d a(BD-RjUL)35075 aHAMcHAMdOCLdEQOdBD-RjULbeng aeng a649.1bSEP 1957 aHQ769b.S38 1957a1 aSears, Robert Richardson,d1908-910650310aPatterns of child rearing /cby Robert R. Sears, Eleanor E. Maccoby [and] Harry Levin, in collaboration with Edgar L. Lowell, Pauline S. Sears, and John W. M. Whiting. Illus. by Jean Berwick. aNew York :bHarper & Row,cc1957. a549 p. :bill. ;c24 cm. a"A report ... from the Laboratory of Human Development, Graduate School of Education, Harvard University." aBibliography: p. [537]-540. aIncludes index. 0aChild rearing.916818 2aChild Care916750 2aParent-Child Relations93964 2ddccBK c34981d34981 00102ddc40708NFICaRUCLbRUCLcStackd2014-05-20l0o649.1 SEP 1957r2014-05-20 00:00:00tC-2w2014-05-20yBK